|
|
|
|
| LEADER |
01670nam a2200349 a 4500 |
| 001 |
11389754 |
| 008 |
121001r2010 ctuhr 0 a0eng d |
| 020 |
|
|
|a 9780071624961
|
| 020 |
|
|
|a 0071624961
|
| 020 |
|
|
|a 9780071742719
|
| 020 |
|
|
|a 0071742719
|
| 040 |
|
|
|a NSDP
|c NSDP
|d DLC
|d DNLM
|d NST
|d NIC
|d MiU
|d CSdS
|d N
|d OCoLC
|d MoSCC
|
| 082 |
0 |
0 |
|a 616/.01
|2 20
|
| 245 |
0 |
0 |
|a Jawetz, Melnick & Adelberg's medical microbiology /
|c George F. Brooks [et.al]
|
| 246 |
1 |
0 |
|a Jawetz, Melnick, and Adelberg's medical microbiology
|
| 246 |
1 |
0 |
|a Medical microbiology
|
| 246 |
1 |
8 |
|a Microbiology
|
| 250 |
|
|
|a 25th ed.
|
| 260 |
|
|
|a Norwalk, Conn. :
|b Appleton & Lange ;
|a New York :
|b McGraw-Hill,
|c c2010
|
| 300 |
|
|
|a ix, 814 p. :
|b ill. ;
|c 26 cm.
|
| 500 |
|
|
|a "A Lange medical book."
|
| 504 |
|
|
|a Includes bibliographical references and index.
|
| 541 |
|
|
|a 00026040
|
| 590 |
|
|
|a SERBIB/SERLOC merged record
|
| 650 |
|
0 |
|a Medical microbiology.
|
| 650 |
|
2 |
|a Microbiology
|v Periodicals.
|
| 700 |
1 |
|
|a Brooks, George F.
|
| 852 |
1 |
|
|a Ayesha Abed Library
|j General shelf
|
| 999 |
|
|
|c 12868
|d 12868
|
| 952 |
|
|
|0 0
|1 0
|4 0
|6 616_010000000000000_JAW
|7 0
|9 21186
|a BRACUL
|b BRACUL
|c GEN
|d 2012-10-01
|e Parash Publishers
|g 1495.00
|l 20
|m 127
|o 616.01 JAW
|p 3010026040
|r 2026-04-01
|s 2026-02-19
|t 1
|w 2012-10-01
|y BK
|
| 952 |
|
|
|0 0
|1 0
|4 0
|6 616_010000000000000_JAW
|7 0
|9 21187
|a BRACUL
|b BRACUL
|c GEN
|d 2012-10-01
|e Parash Publishers
|g 1495.00
|l 16
|m 140
|o 616.01 JAW
|p 3010026041
|q 2026-05-04
|r 2026-02-25
|s 2026-02-25
|t 2
|w 2012-10-01
|y BK
|
| 952 |
|
|
|0 0
|1 0
|4 0
|6 616_010000000000000_JAW
|7 0
|9 21188
|a BRACUL
|b BRACUL
|c GEN
|d 2012-10-01
|e Parash Publishers
|g 1495.00
|l 16
|m 107
|o 616.01 JAW
|p 3010026042
|r 2025-08-17
|s 2025-06-23
|t 3
|w 2012-10-01
|y BK
|